[Event "Foment Martinenc op-C 23rd"]
[Site "Barcelona"]
[Date "2023.05.13"]
[Round "4"]
[White "Agadzhanyan, Sonya"]
[Black "Nunez Romeo, Fausto"]
[Result "1/2-1/2"]
[WhiteElo "1453"]
[BlackElo "1310"]
[PlyCount "35"]
[EventDate "2023.04.22"]
[EventType "swiss"]
[EventRounds "9"]
[EventCountry "ESP"]
[SourceTitle "EXT 2024"]
[Source "ChessBase"]
[SourceDate "2023.10.10"]
[SourceVersion "1"]
[SourceVersionDate "2023.10.10"]
[SourceQuality "1"]

1. e4 g6 2. d4 Bg7 3. Nf3 e6 4. c4 Ne7 5. Bd3 Nbc6 6. Be3 Nb4 7. Nc3 Nxd3+ 8. Qxd3 c6 9. 0-0 0-0 10. Rfd1 d5 11. exd5 cxd5 12. cxd5 exd5 13. Qd2 Nf5 14. Bf4 Be6 15. Ng5 h6 16. Nxe6 fxe6 17. Re1 Qb6 18. Be5 1/2-1/2

[Event "Foment Martinenc op-C 22nd"]
[Site "Barcelona"]
[Date "2022.05.28"]
[Round "6"]
[White "Nunez Romeo, Fausto"]
[Black "Vilarasau Garrido, Joan"]
[Result "1-0"]
[WhiteElo "1653"]
[BlackElo "1400"]
[PlyCount "104"]
[EventDate "2022.04.23"]
[EventType "swiss"]
[EventRounds "9"]
[EventCountry "ESP"]
[SourceTitle "EXT 2023"]
[Source "ChessBase"]
[SourceDate "2022.10.05"]
[SourceVersion "1"]
[SourceVersionDate "2022.10.05"]
[SourceQuality "1"]

1. e4 e5 2. Nf3 Nc6 3. Bc4 Bc5 4. 0-0 Nf6 5. d3 0-0 6. Nc3 d6 7. Bg5 h6 8. Bh4 Be6 9. Nd5 Bxd5 10. Bxd5 Nd4 11. Nxd4 Bxd4 12. c3 Bb6 13. Bxb7 Rb8 14. Ba6 Bc5 15. b4 Bb6 16. a4 c6 17. a5 Bc7 18. Bc4 d5 19. exd5 cxd5 20. Ba2 d4 21. Qc2 Qd6 22. cxd4 exd4 23. Bg3 Qd7 24. Bxc7 Rbc8 25. Rac1 Ne8 26. Bc4 Rxc7 27. Qb3 Nd6 28. Rfe1 Rcc8 29. Ba6 Rc3 30. Rxc3 dxc3 31. Qxc3 Re8 32. Rxe8+ Qxe8 33. h3 Qe6 34. Bc4 Nxc4 35. dxc4 Qe2 36. b5 Qd1+ 37. Kh2 Qd6+ 38. Qg3 Qc5 39. Qf4 g5 40. Qe3 Qc7+ 41. g3 Qxa5 42. Qe8+ Kg7 43. Kg2 Qb4 44. Qe5+ f6 45. Qc7+ Kg6 46. Qxa7 Qxc4 47. Qb7 h5 48. Qc6 Qd3 49. b6 h4 50. g4 Qd8 51. b7 Qb8 52. Qc8 Qe5 1-0

[Event "Foment Martinenc op-C 21st"]
[Site "Barcelona"]
[Date "2019.06.08"]
[Round "7"]
[White "Medinilla Moya, Dafne"]
[Black "Nunez Romeo, Fausto"]
[Result "1/2-1/2"]
[WhiteElo "1671"]
[BlackElo "1604"]
[PlyCount "80"]
[EventDate "2019.04.27"]
[EventType "swiss"]
[EventRounds "9"]
[EventCountry "ESP"]
[SourceTitle "EXT 2020"]
[Source "ChessBase"]
[SourceDate "2019.10.17"]
[SourceVersion "1"]
[SourceVersionDate "2019.10.17"]
[SourceQuality "1"]

1. d4 Nf6 2. Nf3 d5 3. Bf4 e6 4. e3 c5 5. c4 h6 6. Nc3 Nc6 7. cxd5 exd5 8. dxc5 Bxc5 9. Bd3 0-0 10. 0-0 Bg4 11. h3 Be6 12. Qc2 Nb4 13. Qd2 Nxd3 14. Qxd3 Qe7 15. Rfd1 Rad8 16. Rac1 Rd7 17. Na4 b6 18. Nxc5 bxc5 19. Qc3 Ne4 20. Qc2 f6 21. Nd2 f5 22. Nxe4 dxe4 23. Rxd7 Bxd7 24. Qxc5 Qxc5 25. Rxc5 Rc8 26. Rxc8+ Bxc8 27. b4 a6 28. f3 Kf7 29. a4 Ke6 30. a5 Bb7 31. fxe4 Bxe4 32. Kf2 g5 33. Bc7 h5 34. Bd8 g4 35. hxg4 hxg4 36. g3 Kd7 37. Bb6 Kc6 38. Ke1 Kb5 39. Bc5 Kc4 40. Kd2 Bc6 1/2-1/2

[Event "Foment Martinenc op-C 20th"]
[Site "Barcelona"]
[Date "2018.06.09"]
[Round "8"]
[White "Negre Pipla, Josep"]
[Black "Nunez Romeo, Fausto"]
[Result "0-1"]
[WhiteElo "1752"]
[BlackElo "1730"]
[PlyCount "114"]
[EventDate "2018.04.21"]
[EventType "swiss"]
[EventRounds "9"]
[EventCountry "ESP"]
[SourceTitle "CBM 184 Extra"]
[Source "ChessBase"]
[SourceDate "2018.06.28"]
[SourceVersion "1"]
[SourceVersionDate "2018.06.28"]
[SourceQuality "1"]

1. e4 e6 2. Nf3 Bc5 3. d4 Bb6 4. Bd3 Ne7 5. 0-0 d6 6. Bg5 f6 7. Bh4 Nbc6 8. c3 Ng6 9. Bg3 0-0 10. Nbd2 Nce7 11. Nc4 f5 12. Nxb6 axb6 13. exf5 exf5 14. h3 f4 15. Bh2 c6 16. Qc2 Bf5 17. Rfe1 Bxd3 18. Qxd3 c5 19. Ng5 Qd7 20. Re2 Rf6 21. Rae1 Qf5 22. Qxf5 Rxf5 23. Ne4 Rd8 24. Nd2 Kf7 25. g4 fxg3 26. Bxg3 d5 27. Bc7 Rd7 28. Bg3 cxd4 29. cxd4 Nc6 30. Nb3 Rg5 31. Kh2 h5 32. h4 Rf5 33. Re3 Kg8 34. Re6 Kh7 35. R6e3 Rdf7 36. R1e2 Nf4 37. Bxf4 Rxf4 38. Kh3 Nxd4 39. Nxd4 Rxd4 40. Re7 Rxe7 41. Rxe7 Rd2 42. Rxb7 Rxb2 43. a4 Ra2 44. Rxb6 Rxa4 45. Rd6 Ra3+ 46. Kg2 Rd3 47. f4 d4 48. f5 Rd1 49. Rd7 d3 50. Kf2 Kg8 51. Ke3 Rh1 52. Rd4 Rh3+ 53. Kd2 Kf7 54. Rxd3 Rxh4 55. Rf3 Kf6 56. Ke2 Rg4 57. Kf2 Rg5 0-1

[Event "Foment Martinenc op-C 18th"]
[Site "Barcelona"]
[Date "2016.06.18"]
[Round "9"]
[White "Nunez Romeo, Fausto"]
[Black "Parra Ordorica, Arnau"]
[Result "0-1"]
[WhiteElo "1705"]
[BlackElo "1789"]
[PlyCount "102"]
[EventDate "2016.04.23"]
[EventType "swiss"]
[EventRounds "9"]
[EventCountry "ESP"]
[SourceTitle "EXT 2017"]
[Source "ChessBase"]
[SourceDate "2016.10.25"]
[SourceVersion "1"]
[SourceVersionDate "2016.10.25"]
[SourceQuality "1"]

1. e4 d6 2. Bc4 Nf6 3. Nc3 Nxe4 4. Qf3 Nf6 5. Nh3 e6 6. 0-0 Be7 7. d3 0-0 8. Bd2 d5 9. Bb3 c5 10. a3 Nc6 11. Ne2 Qc7 12. c4 d4 13. Nef4 b6 14. Rae1 Bb7 15. Qg3 Bd6 16. Bd1 e5 17. Nh5 Nxh5 18. Bxh5 e4 19. Bf4 Bxf4 20. Nxf4 exd3 21. Nxd3 Qxg3 22. hxg3 g6 23. Bf3 Na5 24. Bxb7 Nxb7 25. b4 Rfe8 26. Re5 Rxe5 27. Nxe5 Re8 28. Nd3 Re2 29. Rb1 Ra2 30. bxc5 Nxc5 31. Nxc5 bxc5 32. Rb5 Rxa3 33. Rxc5 d3 34. Rd5 Rc3 35. f4 a5 36. Kf2 Rxc4 37. Rxd3 Kf8 38. Ke3 Ke7 39. Ra3 a4 40. Kd3 Rb4 41. Kc3 Rb3+ 42. Rxb3 axb3 43. Kxb3 Ke6 44. Kc4 Kf5 45. Kd4 Kg4 46. Ke5 f5 47. Kf6 Kxg3 48. Kg5 Kxg2 49. Kh6 Kf3 50. Kxh7 Kxf4 51. Kxg6 Kg4 0-1

[Event "Foment Martinenc op-C 18th"]
[Site "Barcelona"]
[Date "2016.05.28"]
[Round "6"]
[White "Montilla Rodriguez, Jose Luis"]
[Black "Nunez Romeo, Fausto"]
[Result "1/2-1/2"]
[WhiteElo "1736"]
[BlackElo "1705"]
[PlyCount "97"]
[EventDate "2016.04.23"]
[EventType "swiss"]
[EventRounds "9"]
[EventCountry "ESP"]
[SourceTitle "EXT 2017"]
[Source "ChessBase"]
[SourceDate "2016.10.25"]
[SourceVersion "1"]
[SourceVersionDate "2016.10.25"]
[SourceQuality "1"]

1. e4 e5 2. Nf3 Nc6 3. Bc4 Nf6 4. Nc3 Be7 5. 0-0 d6 6. d4 0-0 7. h3 a6 8. d5 Na5 9. Bd3 b5 10. b4 Nc4 11. Bxc4 bxc4 12. Qe2 Bd7 13. Qxc4 Bb5 14. Nxb5 axb5 15. Qd3 Qd7 16. Be3 Rfd8 17. c4 bxc4 18. Qxc4 Rdc8 19. b5 Nxe4 20. Qxe4 Qxb5 21. Rfb1 Qd7 22. Rc1 Ra4 23. Rc4 Rca8 24. Rxa4 Rxa4 25. Qc2 h6 26. Qc6 Qxc6 27. dxc6 f5 28. a3 Ra6 29. Ne1 Rxc6 30. Rc1 Rxc1 31. Bxc1 d5 32. Nd3 Bd6 33. g3 g5 34. a4 e4 35. Nb2 Bb4 36. Kf1 Ba5 37. Ke2 c5 38. Bd2 Bb6 39. a5 Ba7 40. h4 c4 41. hxg5 hxg5 42. Nd1 d4 43. Bxg5 c3 44. Bd8 d3+ 45. Ke1 c2 46. Kd2 cxd1Q+ 47. Kxd1 Bxf2 48. Bb6 e3 49. Kc1 1/2-1/2

[Event "Barcelona-C 1st"]
[Site "Barcelona"]
[Date "2015.12.05"]
[Round "2"]
[White "Nunez Romeo, Fausto"]
[Black "Moya Nunez, Salvador"]
[Result "1/2-1/2"]
[WhiteElo "1595"]
[BlackElo "1187"]
[PlyCount "67"]
[EventDate "2015.12.05"]
[EventType "tourn"]
[EventRounds "9"]
[EventCountry "ESP"]
[SourceTitle "EXT 2024"]
[Source "ChessBase"]
[SourceDate "2023.10.10"]
[SourceVersion "1"]
[SourceVersionDate "2023.10.10"]
[SourceQuality "1"]

1. f4 d5 2. Nf3 c5 3. d3 Nc6 4. g3 e6 5. Bg2 Bd6 6. 0-0 Bd7 7. Nbd2 f5 8. Nb3 Nf6 9. e3 b5 10. Bd2 c4 11. Nc1 0-0 12. b3 cxd3 13. cxd3 Qe7 14. a3 Bxa3 15. Bc3 Bd6 16. Ne2 Rac8 17. Ne5 Bxe5 18. fxe5 Ng4 19. Rf3 Ngxe5 20. Bxe5 Nxe5 21. Rf1 Nf7 22. Nf4 Qc5 23. d4 Qc2 24. Rc1 Qxd1 25. Rfxd1 Rxc1 26. Rxc1 Rc8 27. Rc5 Rxc5 28. dxc5 Nd8 29. Nd3 Nc6 30. b4 a5 31. bxa5 Nxa5 32. Ne5 Be8 33. Bf1 Nc4 34. Bxc4 1/2-1/2

[Event "Foment Martinenc op-C 16th"]
[Site "Barcelona"]
[Date "2014.04.26"]
[Round "1"]
[White "Labad Ameneda, Ricard"]
[Black "Nunez Romeo, Fausto"]
[Result "0-1"]
[WhiteElo "1700"]
[BlackElo "1764"]
[PlyCount "94"]
[EventDate "2014.04.26"]
[EventType "swiss"]
[EventRounds "9"]
[EventCountry "ESP"]
[SourceTitle "EXT 2015"]
[Source "ChessBase"]
[SourceDate "2014.11.20"]
[SourceVersion "1"]
[SourceVersionDate "2014.11.20"]
[SourceQuality "1"]

1. e4 g6 2. d4 Bg7 3. Nf3 e6 4. Nc3 Ne7 5. Bd3 b6 6. 0-0 d6 7. Re1 Bb7 8. Bg5 h6 9. Bxe7 Qxe7 10. d5 Nd7 11. Bb5 0-0-0 12. Qe2 Nb8 13. Nd4 Bxd4 14. Na4 a6 15. Bc6 exd5 16. Bxd5 Bxd5 17. exd5 Qxe2 18. Rxe2 b5 19. c3 Bxf2+ 20. Rxf2 bxa4 21. Rxf7 Nd7 22. Re1 Ne5 23. Rg7 g5 24. Re4 Rd7 25. Rxd7 Nxd7 26. Rxa4 Kb7 27. Rc4 Re8 28. Kf2 Re5 29. Rb4+ Ka7 30. c4 Nc5 31. Kf3 a5 32. Rb5 Nb7 33. b4 Ka6 34. bxa5 Nxa5 35. Rb4 c5 36. Ra4 Re1 37. Kg4 Rc1 38. Kh5 Rxc4 39. Rxc4 Nxc4 40. Kxh6 Kb5 41. Kxg5 Ne3 42. g4 c4 43. h3 c3 44. h4 c2 45. h5 c1Q 46. Kg6 Nxg4 47. Kf5 Nh6+ 0-1

[Event "Foment Martinenc op-B 15th"]
[Site "Barcelona"]
[Date "2013.04.27"]
[Round "2"]
[White "Vega D'Aurelio, Davide"]
[Black "Nunez Romeo, Fausto"]
[Result "1-0"]
[WhiteElo "1708"]
[BlackElo "1780"]
[PlyCount "83"]
[EventDate "2013.04.20"]
[EventType "swiss"]
[EventRounds "9"]
[EventCountry "ESP"]
[SourceTitle "CBM 154 Extra"]
[Source "ChessBase"]
[SourceDate "2013.06.25"]
[SourceVersion "2"]
[SourceVersionDate "2013.06.25"]
[SourceQuality "1"]

1. e4 e5 2. Bc4 Nf6 3. d3 Be7 4. Nc3 Nc6 5. f4 d6 6. h3 a6 7. a4 Bd7 8. Nf3 Qc8 9. f5 h6 10. 0-0 Na5 11. Ba2 c6 12. b4 Bd8 13. bxa5 Bxa5 14. Bd2 Bb6+ 15. Kh2 Ba7 16. Qe1 g5 17. Ne2 g4 18. Qh4 Qd8 19. Ng5 d5 20. hxg4 Qe7 21. Nf3 0-0-0 22. Kh1 Rdg8 23. Nh2 Bb6 24. Rab1 Bd8 25. Qf2 d4 26. Qf3 Be8 27. Rb2 Qc7 28. Rfb1 b5 29. axb5 axb5 30. c4 dxc3 31. Bxc3 Nd7 32. Rc1 Nc5 33. Bb4 Na6 34. Bd2 Bg5 35. Be3 Be7 36. Rbc2 Nb4 37. Rd2 Qa5 38. Bd5 Kb8 39. Bb3 Bg5 40. Rdd1 Bd7 41. Ra1 Qc7 42. Bc5 1-0